Modelovanie procesu komunikačnej politiky ako nástroja predaja

Východiská marketingovej komunikácie. Stanovenie cieľov marketingovej komunikácie. Metodológia stanovenia rozpočtu na marketingovú komunikáciu. Model procesu predaja nových vozidiel pomocou softvérovej podpory ArisExpress.

Saved in:
Bibliographic Details
Main Author: Šupšák, Rastislav, 1988-
Other Authors: Bolek, Vladimír, 1988-
Format: Book Chapter
Language:Slovak
Subjects:
Tags: Add Tag
No Tags, Be the first to tag this record!

MARC

LEADER 00000nla a2200000 4500
001 0195608
005 20240502073301.4
041 0 |a slo 
044 |a SK 
245 1 0 |a Modelovanie procesu komunikačnej politiky ako nástroja predaja  |c Rastislav Šupšák, Vladimír Bolek 
520 |a Východiská marketingovej komunikácie. Stanovenie cieľov marketingovej komunikácie. Metodológia stanovenia rozpočtu na marketingovú komunikáciu. Model procesu predaja nových vozidiel pomocou softvérovej podpory ArisExpress. 
610 2 0 |a komunikácia marketingová 
610 2 0 |a predaj 
610 2 0 |a modelovanie 
610 2 0 |a automobily 
100 1 |a Šupšák, Rastislav, 1988- 
700 1 |a Bolek, Vladimír, 1988-